000 00988nam a2200253Ia 4500
001 20441
003 GE_BSU
008 181216s||||||||xx |||||||||||||| ||und||
040 _cGE_BSU
080 _a811.353.1-84(075.3=161.1)
100 _aჩინჩალაძე, მიხეილ., დვალი, სერგო
245 _aქართული ენა
245 _bსაქ. სსრ რუსული სკოლის IX კლასის სახელმძღვ.
245 _cრედ. თ. ჯიჯეიშვილი., დ. მირცხულავა
250 _aმე-7 გამოც..
260 _aთბილისი
260 _bგანათლება
260 _c1983.
300 _a180გვ. ; 22სმ.
541 _h40 თ.
653 _aსაქ. სსრ რუსული სკოლის IX კლასის სახელმძღვ.
653 _aქართული ენა
942 _cBK
999 _c53398
_d53398